000 00584nam a2200205Ia 4500
005 20250923144458.0
008 008 250917s9999 xx 000 0 eng d
037 _aTextual
040 _aDSWL
_beng
_cDSWL
041 _aeng
_2eng
084 _aL9C,7:4:691, N47
_qDSWL
100 _aAllen, Fredereck H
_9825299
245 0 _aPsychotherapy with children
_cby Fredereck H Allen
260 _aLondon
_bKegan Paul
_c1947
300 _a311p.
365 _aINR
_b12.6
925 _g12.6
942 _cTEXL
_hL9C,7:4:691, N47
999 _c1439398
_d1439398